000 00658cam a22002173a 4500
001 45741
003 PGUSA
005 20140828084047.0
008 140524s2014||||xxu|||||s|||||000 | eng d
040 _aPGUSA
_beng
042 _adc
100 1 _aHume, Ivor Noel
245 1 0 _aContributions From the Museum of History and Technology :
_bPapers 52-54 on Archeology
_h[electronic resource] /
_cIvor Noel Hume
260 _bProject Gutenberg,
_c2014
506 _aPublic domain in the USA.
516 _aElectronic text
700 1 _aTaylor, Frank A.
830 0 _aProject Gutenberg
_v45741
856 4 0 _uhttp://www.gutenberg.org/ebooks/45741
942 _cEB
999 _c274991
_d274991